Holiday Quiz

Random Holiday or Clickable Quiz

Christmas Customs Around the World Quiz Stats

 Plays Quiz Updated Dec 19, 2018

Support Sporcle.
Go Orange.
Score 0/20 Timer 10:00
0 Plays Today
% Correct
Snow Maiden
87.1%
Pudding
86.8%
Christ’s apostles
86.4%
Orchid
85.9%
Banana trees
84%
Bees wax
83.9%
Barbecues
83.6%
Log
82%
Branches
81.8%
Camels
81.7%
% Correct
Lobster traps
81.1%
Hockey-like ball game
79.5%
Strawberries
78.7%
Helicopter
78.3%
Goose feathers
73.3%
Shoe
72.5%
Caterpillars
69.9%
Small bird
68%
Song-and-dance
65.1%
Pickle
61.3%

From the Vault

Top 20 Surnames (U.K.)

by Derek

In the past, surnames were often given depending on one's occupation. For example, a blacksmith's surname would most likely be 'Smith,' and a baker's surname would probably be 'Baker'. Can you name the top 20 surnames from the UK?
Remove Ads.
Support Sporcle.
Get the best of Sporcle when you Go Orange. This ad-free experience offers more features, more stats, and more fun while also helping to support Sporcle. Thank you for becoming a member.

Show Comments

Extras

Top Quizzes Today


Score Distribution

Your Account Isn't Verified!

In order to create a playlist on Sporcle, you need to verify the email address you used during registration. Go to your Sporcle Settings to finish the process.

Report this User

Report this user for behavior that violates our Community Guidelines.

Details: